Las diosas sometidas: encuentros afectivo-participativos y sus efectos en el self, tercera parte
Aborda la parte final de la investigación “Las Diosas sometidas: Autoconcepto en mujeres de grupos vulnerables. Encuentros Afectivo-participativos y sus efectos en el self", la cual tuvo el objetivo de explorar el autoconcepto de mujeres pertenecientes a poblaciones vulnerables, en este caso mu...
Guardat en:
| Autor principal: | |
|---|---|
| Altres autors: | , |
| Format: | Llibre |
| Idioma: | Spanish |
| Matèries: | |
| Etiquetes: |
Afegir etiqueta
Sense etiquetes, Sigues el primer a etiquetar aquest registre!
|
MARC
| LEADER | 00000nam a22000007a 4500 | ||
|---|---|---|---|
| 003 | cru CIDCACS/IIS | ||
| 005 | 20220420105309.0 | ||
| 007 | ta | ||
| 008 | 170720s2015 dr ||||| |||| 00| 0 spa d | ||
| 040 | |c cru CIDCACS/IIS | ||
| 100 | 1 | |9 5020 |a Hernández Mella, Rocío | |
| 245 | 1 | 4 | |a Las diosas sometidas: |b encuentros afectivo-participativos y sus efectos en el self, tercera parte |c Rocío Hernández Mella, Patricia Liranzo Soro, Perla Castillo |
| 300 | |a páginas 133-170 : |b foto | ||
| 520 | |a Aborda la parte final de la investigación “Las Diosas sometidas: Autoconcepto en mujeres de grupos vulnerables. Encuentros Afectivo-participativos y sus efectos en el self", la cual tuvo el objetivo de explorar el autoconcepto de mujeres pertenecientes a poblaciones vulnerables, en este caso mujeres que viven con VIH, con el fin de incidir positivamente en ellas por medio de estrategias, interactivas, lúdicas y artísticas que les permitieran re-pensar la visión acerca de sí mismas. El documento presenta descripciones e interpretaciones surgidas de dichos encuentros. Se concluye que la experiencia de los encuentros logró devolver a las participantes el contacto con su esfera emocional y que accedieran a fuentes de conocimiento propias, necesarias para lidiar con su realidad de pobreza y exclusión. | ||
| 650 | 1 | 0 | |9 816 |a GRUPOS VULNERABLES |
| 650 | 1 | 0 | |9 88 |a MUJERES |
| 650 | 1 | 0 | |9 2445 |a SALUD DE LA MUJER |
| 650 | 1 | 0 | |9 890 |a VIH |
| 650 | 1 | 0 | |9 5790 |a PSICOTERAPIA |
| 650 | 1 | 0 | |9 5791 |a PSICOLOGIA PROFUNDA |
| 700 | 1 | |9 5021 |a Liranzo Soro, Patricia | |
| 700 | 1 | |9 5022 |a Castillo, Perla | |
| 773 | 0 | |0 19477 |9 1046 |a Instituto Tecnológico de Santo Domingo, INTEC (República Dominicana) |d Santo Domingo, República Dominicana: Instituto Tecnológico de Santo Domingo, 1975- |o 17934 |t Ciencia y Sociedad / | |
| 942 | |2 ddc |c PP | ||
| 999 | |c 19478 |d 19478 | ||
